00383cam a22001097a 4500008004000000082001500040100002500055245010200080260003400182300001300216650004400229180718b1958 xxu||||| |||| 00| 0 eng d aDx492 C152 aCampen, S. I. P. Van aQuest for security: some aspects of Netherlands foreign policy, 1945-1950cby S. I. P. Van Campen aHaguebMartinus Nijhoffc1958 axv, 308p aNetherlands --Foreign relations --1830-